| 000 | 00799 a2200193 4500 | ||
|---|---|---|---|
| 003 | Nust | ||
| 005 | 20240227120328.0 | ||
| 040 | _cNust | ||
| 082 | _a621.382 | ||
| 100 |
_aAnees,Amir (MSEE-17) _9121481 |
||
| 245 |
_aDesign of a novel chaotic cryptographic system based on nonlinear dynamics / _cNC Amir Anees |
||
| 260 |
_aRawalpindi _bNUST,MCS _cFeb,2014 |
||
| 300 | _aix,74,p; | ||
| 505 | _aIntroduction (page-1) Chaos (page-1) Security systems (page-28) A Chaotic subctitution tchnique for cryptographic algorithms (page-40) A technique for digital watermarking in combined spatial and transform domains using chaotic maps (page-60) Conclusion and future work (page-68) | ||
| 538 | _aAlmirah No,69 Shelf No,3 | ||
| 650 |
_aPG Thesis _935000 |
||
| 651 |
_aMSEE-17 _935169 |
||
| 942 |
_cTHE _2ddc |
||
| 999 |
_c210248 _d210248 |
||